000
00333nam a22001457a 4500
003
OSt
005
20160727222358.0
008
160622b xxu||||| |||| 00| 0 eng d
040
_c
TEST
100
_9
615
_a
Parish, P
245
_a
Amelia, Be Delia
260
_a
N.Y
_b
Scholastic Inc
_c
1977
300
_a
Amelia, Be Delia
942
_2
ddc
_c
BK
999
_c
500
_d
500